000 00459pab a2200157 454500
008 180718b1969 xxu||||| |||| 00| 0 eng d
100 _aKane, G.P.
245 _aIndustrial research utilization: The problems of technological transfer and import of technology
260 _c1969
300 _ap.363-373.
362 _aJul-Sep
650 _aResearch and development
773 _aIndian Journal of Public Administration
908 _aN
909 _a100081
999 _c100080
_d100080